<?xml version="1.0" encoding="UTF-8"?>
<record
    xmlns:xsi="http://www.w3.org/2001/XMLSchema-instance"
    xsi:schemaLocation="http://www.loc.gov/MARC21/slim http://www.loc.gov/standards/marcxml/schema/MARC21slim.xsd"
    xmlns="http://www.loc.gov/MARC21/slim">

  <leader>01025nam a2200241 a 4500</leader>
  <controlfield tag="001">BRCA_7461</controlfield>
  <controlfield tag="005">20190320205839.0</controlfield>
  <controlfield tag="008">120413s1921----mx-ac#####---#000-0#spa-#</controlfield>
  <datafield tag="041" ind1=" " ind2=" ">
    <subfield code="a">spa</subfield>
  </datafield>
  <datafield tag="044" ind1=" " ind2=" ">
    <subfield code="a">mx</subfield>
  </datafield>
  <datafield tag="050" ind1=" " ind2="4">
    <subfield code="a">N7596</subfield>
    <subfield code="b">.I26 1921</subfield>
  </datafield>
  <datafield tag="245" ind1="1" ind2="0">
    <subfield code="a">Iconograf&#xED;a de gobernantes de la Nueva Espa&#xF1;a tomada de la colecci&#xF3;n que se conserva en el sal&#xF3;n de cabildos del Palacio Municipal de la ciudad de M&#xE9;xico</subfield>
    <subfield code="b">publicase por acuerdo del honorable ayuntamiento, siendo presidente de este, el se&#xF1;or Herminio Perez Abreu</subfield>
    <subfield code="c">ed. Eusebio Gomez de la Puente.</subfield>
  </datafield>
  <datafield tag="260" ind1=" " ind2=" ">
    <subfield code="a">M&#xE9;xico</subfield>
    <subfield code="b">E. Gomez de la Puente</subfield>
    <subfield code="c">1921</subfield>
  </datafield>
  <datafield tag="300" ind1=" " ind2=" ">
    <subfield code="a">1 v. (sin paginaci&#xF3;n)</subfield>
    <subfield code="b">il. a color, 63 retratos</subfield>
  </datafield>
  <datafield tag="500" ind1=" " ind2=" ">
    <subfield code="a">Q218</subfield>
  </datafield>
  <datafield tag="610" ind1="2" ind2="4">
    <subfield code="a">Palacio Municipal (Ciudad de M&#xE9;xico)</subfield>
    <subfield code="9">18369</subfield>
  </datafield>
  <datafield tag="650" ind1="1" ind2="4">
    <subfield code="a">Retratos espa&#xF1;oles</subfield>
    <subfield code="9">13574</subfield>
  </datafield>
  <datafield tag="651" ind1=" " ind2="4">
    <subfield code="a">M&#xE9;xico</subfield>
    <subfield code="v">Retratos</subfield>
    <subfield code="x">Gobernantes</subfield>
    <subfield code="9">18370</subfield>
  </datafield>
  <datafield tag="651" ind1=" " ind2="4">
    <subfield code="a">M&#xE9;xico</subfield>
    <subfield code="v">Biograf&#xED;as</subfield>
    <subfield code="x">Historia</subfield>
    <subfield code="y">Periodo colonial, 1540-1810</subfield>
    <subfield code="9">18371</subfield>
  </datafield>
  <datafield tag="700" ind1="1" ind2=" ">
    <subfield code="a">Gomez de la Puente, Eusebio</subfield>
    <subfield code="e">ed.</subfield>
    <subfield code="9">18372</subfield>
  </datafield>
  <datafield tag="902" ind1=" " ind2=" ">
    <subfield code="a">GFM</subfield>
  </datafield>
  <datafield tag="942" ind1=" " ind2=" ">
    <subfield code="2">lcc</subfield>
    <subfield code="c">B</subfield>
  </datafield>
  <datafield tag="999" ind1=" " ind2=" ">
    <subfield code="c">7137</subfield>
    <subfield code="d">7137</subfield>
  </datafield>
  <datafield tag="952" ind1=" " ind2=" ">
    <subfield code="0">0</subfield>
    <subfield code="1">0</subfield>
    <subfield code="4">0</subfield>
    <subfield code="7">0</subfield>
    <subfield code="a">BRCA</subfield>
    <subfield code="b">BRCA</subfield>
    <subfield code="d">2013-04-09</subfield>
    <subfield code="i">Q218</subfield>
    <subfield code="l">0</subfield>
    <subfield code="o">N7596 .I26 1921 (Q218)</subfield>
    <subfield code="p">8064</subfield>
    <subfield code="r">2019-03-22 00:00:00</subfield>
    <subfield code="w">2019-03-22</subfield>
    <subfield code="y">B</subfield>
  </datafield>
</record>
